Performance of protective clothing : (Record no. 599920)
[ view plain ]
| 000 -LEADER | |
|---|---|
| fixed length control field | 00243nam a2200097Ia 4500 |
| 008 - FIXED-LENGTH DATA ELEMENTS--GENERAL INFORMATION | |
| fixed length control field | 230907s9999||||xx |||||||||||||| ||und|| |
| 082 ## - DEWEY DECIMAL CLASSIFICATION NUMBER | |
| Classification number | 687.16 |
| Author Mark | PER |
| 245 #0 - TITLE STATEMENT | |
| Title | Performance of protective clothing : |
| 300 ## - PHYSICAL DESCRIPTION | |
| Extent | vol. 7; 583 p. : |
| 942 ## - ADDED ENTRY ELEMENTS (KOHA) | |
| Koha item type | Book |
| Withdrawn status | Lost status | Damaged status | Not for loan | Permanent Location | Current Location | Date acquired | Total Checkouts | Full call number | Barcode | Date last seen | Price effective from | Koha item type |
|---|---|---|---|---|---|---|---|---|---|---|---|---|
| US-Pakistan Center for Advanced Studies in Energy (USPCAS-E) | US-Pakistan Center for Advanced Studies in Energy (USPCAS-E) | 10/25/2019 | 687.16 PER | CAS-E0004019 | 09/12/2023 | 09/12/2023 | Book |
